000 00499cam a2200205ua 4500
001 7540
008 141212n ii |||gr||||Z||||||eng
040 _cMAIN
041 _aeng
082 _a346.066
100 _aAcharya, B. K.,
_eAuthor.
245 1 _aCompany law and secretarial pratice
_cBy B. K. Acharya
250 _a2nd rev.
260 _aBombay:
_bHimalata,
_c1984.
300 _a604p.
653 _aPrivate law
653 _aCommerce
700 _aGovekar, P. B.,
_eAuthor.
942 _cBK
999 _c6663
_d6663